| 000 | 01326cam a22003615a 4500 | ||
|---|---|---|---|
| 006 | a||||fr|||| 00| 0 | ||
| 008 | 090525s2005 maua|||fr|||| 001 0 eng d | ||
| 010 | _a2004001373 | ||
| 020 | _a0072454261 (hardcover : alk. paper) | ||
| 020 | _a007123962x | ||
| 020 | _a9780071239264 | ||
| 040 |
_beng _dEG-ScBUE |
||
| 082 | 0 | 0 |
_a621.402 _bCEN _222 |
| 100 | 1 |
_aCengel, Yunus A. _95175 |
|
| 245 | 1 | 0 |
_aFundamentals of Thermal-Fluid Sciences / _cYunus A. Cengel, Robert H. Turner. |
| 250 | _a2nd ed. | ||
| 260 |
_aBoston : _bMcGraw-Hill Companies, _cc.2005. |
||
| 300 |
_axxv, 1206 p. : _bcol. ill. ; _c27 cm. + _e11 CD-ROM (4 3/4 in.) |
||
| 490 | _aMcGraw-Hill series in mechanical engineering | ||
| 500 | _aIndex : p. 1191-1206. | ||
| 500 | _aIncludes glossary. | ||
| 504 | _aIncludes bibliographical references. | ||
| 590 | _adoaa mohamed | ||
| 650 | 0 |
_aThermodynamics. _95177 _2BUEsh |
|
| 650 | 0 |
_aHeat _xTransmission. _95178 _2BUEsh |
|
| 650 | 0 |
_aFluid mechanics. _95179 _2BUEsh |
|
| 651 | _2BUEsh | ||
| 653 |
_bENGMEC _cAugust2015 |
||
| 655 |
_aThermo-Fluid Mechanics (Petroleum)- Year 1 _vtext book _xEngineering _ySemester 2. 2008/2009 |
||
| 700 | 1 |
_aTurner, Robert H. _95180 |
|
| 856 | 4 | 1 |
_3Table of contents _uhttp://www.loc.gov/catdir/toc/ecip0414/2004001373.html |
| 942 |
_cTB _k621.402 CEN _2ddc |
||
| 999 |
_c7738 _d7738 |
||